Quiz sur le Vatican pour nos loulous ! - Statistiques

Statistiques générales
  • Ce quiz a été pris 17 fois
    16 depuis la dernière actualisation
  • Le résultat moyen est 8 sur 14
Statistiques - réponses
Hint Réponse % Correct
Combien de station compte le chemin de fer du Vatican ? 1
93%
Qui est le chef du Vatican ? Le pape
87%
Quel est le plus petit pays du monde ? Le Vatican
87%
Qui a peint le plafond de la chapelle sixtine ? Michel ange
87%
De quelle pays viennent les gardes du Vatican ? Suisse
87%
Le Vatican est-il le pays avec le plus haut de criminalité au monde ? Vrai ou faux ? Vrai
87%
Le Vatican as son équipe de foot ? Vrai ou faux ? Vrai
87%
Quand on naît au Vatican on a la nationalité du Vatican ? Vrai ou faux ? Faux
80%
Les proches du pape s’appellent les Papillons ? Vrai ou faux ? Faux
80%
Quelle case du Monopoly n’existe pas au Vatican ? Prison
40%
Le pape François est-il mort ? Pas encore
13%
Quel est l’âge du Vatican ? ( en année ) 93
7%
Combien d’habitants au Vatican ? 825
0%
Quelle est la particularité des distributeurs de billets au Vatican ? Ils sont en latin
0%
Aucun quiz correspondant
Distribution des résultats
% des personnes avec chaque résultat
Percentile par nombre de réponses
Votre historique - résultats
Vous n’avez pas pris ce quiz depuis la dernière actualisation